| 000 | 01503cam a22003374a 4500 | ||
|---|---|---|---|
| 999 |
_c26730 _d26730 |
||
| 001 | 13119920 | ||
| 005 | 20170206103528.0 | ||
| 008 | 030311s2003 wiua b 001 0 eng | ||
| 010 | _a 2003005652 | ||
| 020 | _a0299189902 (cloth : alk. paper) | ||
| 050 | 0 | 0 | _aNK7907.2 .C37 2003 |
| 100 | 1 | _aCarpino, Alexandra Ann. | |
| 245 | 1 | 0 |
_aDiscs of splendor : _bthe relief mirrors of the Etruscans / _cAlexandra Ann Carpino. |
| 260 |
_aMadison, Wis. : _bUniversity of Wisconsin Press, _cc2003. |
||
| 300 |
_axvii, 156 p., 120 p. of plates : _bill. (some col.) ; _c26 cm. |
||
| 440 | 0 | _aWisconsin studies in classics | |
| 504 | _aIncludes bibliographical references (p. 141-148) and index. | ||
| 650 | 0 | _aBronzes, Etruscan. | |
| 650 | 0 | _aMirrors, Etruscan. | |
| 650 | 0 |
_aBronze mirrors, Ancient _zItaly. |
|
| 650 | 0 | _aRelief (Sculpture), Etruscan. | |
| 651 | 0 |
_aItaly _xAntiquities. |
|
| 856 | 4 | 1 |
_3Table of contents _uhttp://www.loc.gov/catdir/toc/ecip041/2003005652.html |
| 942 |
_2lcc _cBOOKS |
||